000 00991cad a22002175a 4500
001 L157336
008 121023s2012 xxkqr p 0 a0eng u
035 _a(Sirsi) u157336
041 0 _aeng
100 1 _aBarnes, Rachel
110 2 _aBeale and Company Solicitors LLP
245 0 0 _aBuilding information modelling guidance note
_h[electronic resource]
260 _aLondon
_bBeale and Company Solicitors LLP
_c2012
520 _aGuidance on BIM in context of the drive by both the private sector and the public sector for increased use of Building information modelling on construction projects, with the UK government aiming to use BIM on all centrally procured construction projects by 2016. Asks what is BIM and what risks it involves.
590 _aKA
651 4 _aUnited Kingdom
_y
690 _aBIM
_96219
700 1 _aCroft, Andrew
856 4 0 _uhttps://www.beale-law.com/uploads/04-09-12-BIM-Guidance-note-Beale.pdf
_zView the item free here www.beale-law.com
942 _n0
999 _c114730
_d114730